LEADER 02679nam 22005775 450 001 9910478882703321 005 20200702062032.0 010 $a1-4471-0425-0 024 7 $a10.1007/978-1-4471-0425-4 035 $a(CKB)3400000000088139 035 $a(SSID)ssj0000806513 035 $a(PQKBManifestationID)11419223 035 $a(PQKBTitleCode)TC0000806513 035 $a(PQKBWorkID)10749398 035 $a(PQKB)10832811 035 $a(DE-He213)978-1-4471-0425-4 035 $a(MiAaPQ)EBC3075184 035 $a(PPN)237994585 035 $a(EXLCZ)993400000000088139 100 $a20121227d1998 u| 0 101 0 $aeng 135 $aurnn|008mamaa 181 $ctxt 182 $cc 183 $acr 200 10$aGroups, Rings and Fields$b[electronic resource] /$fby David A.R. Wallace 205 $a1st ed. 1998. 210 1$aLondon :$cSpringer London :$cImprint: Springer,$d1998. 215 $a1 online resource (VIII, 248 p. 4 illus.) 225 1 $aSpringer Undergraduate Mathematics Series,$x1615-2085 300 $aIncludes index. 311 $a3-540-76177-2 327 $a1 Sets and Mappings -- 2 The Integers -- 3 Introduction to Rings -- 4 Introduction to Groups -- 5 Rings -- 6 Topics in Group Theory -- Hints to Solutions -- Suggestions for Further Study. 330 $aDavid Wallace has written a text on modern algebra which is suitable for a first course in the subject given to mathematics undergraduates. It aims to promote a feeling for the evolutionary and historical development of algebra. It assumes some familiarity with complex numbers, matrices and linear algebra which are commonly taught during the first year of an undergraduate course. Each chapter contains examples, exercises and solutions, perfectly suited to aid self-study. All arguments in the text are carefully crafted to promote understanding and enjoyment for the reader. 410 0$aSpringer Undergraduate Mathematics Series,$x1615-2085 606 $aAlgebra 606 $aCommutative algebra 606 $aCommutative rings 606 $aAlgebra$3https://scigraph.springernature.com/ontologies/product-market-codes/M11000 606 $aCommutative Rings and Algebras$3https://scigraph.springernature.com/ontologies/product-market-codes/M11043 615 0$aAlgebra. 615 0$aCommutative algebra. 615 0$aCommutative rings. 615 14$aAlgebra. 615 24$aCommutative Rings and Algebras. 676 $a512/.02 700 $aWallace$b David A.R$4aut$4http://id.loc.gov/vocabulary/relators/aut$0992166 906 $aBOOK 912 $a9910478882703321 996 $aGroups, Rings and Fields$92271270 997 $aUNINA LEADER 01869nas 2200601-a 450 001 996197591203316 005 20240413021931.0 011 $a0047-7238 035 $a(CKB)110976010040228 035 $a(CONSER)---87659110- 035 $a(EXLCZ)99110976010040228 100 $a19861008b19852016 --- a 101 0 $aeng 181 $ctxt$2rdacontent 182 $cc$2rdamedia 183 $acr$2rdacarrier 200 00$aMEED 210 $a[London] $cMiddle East Economic Digest$d1985- 215 $a1 online resource 300 $aTitle from cover. 300 $a"The Middle East's business weekly." 311 $aPrint version: MEED. (DLC) 87659110 (OCoLC)14363775 0047-7230 517 1 $aMiddle East economic digest 531 $aMEED MIDDLE EAST ECONOMIC DIGEST 531 $aMEED 531 $aMiddle East Economic Digest - (Quest Economic Database) 531 $aMiddle East Economic Digest - 531 0 $aMEED. Middle East econ. dig. 606 $aMagazines$zGreat Britain 606 $aConditions économiques$2eclas 606 $aHebdomadaires$2eclas 606 $aEconomic history$2fast$3(OCoLC)fst00901974 606 $aECONOMIC CONDITIONS$2unbist 606 $aECONOMIC RELATIONS$2unbist 606 $aMIDDLE EAST$2unbist 607 $aMiddle East$xEconomic conditions$y1945-$vPeriodicals 607 $aMoyen-Orient$2eclas 607 $aMiddle East$2fast 608 $aPeriodicals.$2fast 608 $aPeriodicals.$2lcgft 615 4$aMagazines 615 7$aConditions économiques. 615 7$aHebdomadaires. 615 7$aEconomic history. 615 7$aECONOMIC CONDITIONS. 615 7$aECONOMIC RELATIONS. 615 7$aMIDDLE EAST. 676 $a330.956/005 906 $aJOURNAL 912 $a996197591203316 920 $aexl_impl conversion 996 $aMEED$92371761 997 $aUNISA